000 01031nam a2200253Ia 4500
008 130821s2011 ck gr spa
020 _a978 958 731 045 0
040 _aCo-BoUCM
_bspa
041 0 0 _aspa
100 1 _aCamargo Assis, Carlos Ernesto
_977536
245 1 0 _aHitos electorales en el contexto de la evolución político - constitucional de Colombia
_cCarlos Ernesto Camargo Assis
260 _aBogotá (Colombia)
_bDiké; Registraduría Nacional del Estado Civil
_c2011
300 _a330 páginas
490 0 _aBiblioteca Jurídica Diké
504 _aIncluye referencias bibliográficas e índice.
650 _aCiencia política
_9340
650 _aCiencia política
_xHistoria
_zColombia
_945976
650 _aElecciones
_xHistoria
_zColombia
_929988
650 _aPartidos políticos
_xHistoria
_zColombia
_957287
710 1 _aColombia.
_bRegistraduría Nacional del Estado Civil
_94063
710 2 _aDiké
_951224
942 _cLIBRO
_a6
_e1
_mC172h
_2DEWEY
_h324.609861
999 _c75737
_d75737